World Cup Group Stage Goalscorers 1990 - Statistics

General Stats
  • This quiz has been taken 6 times
  • The average score is 30 of 82
Answer Stats
Group Nation Score Player % Correct
D West Germany 2-0 Jurgen Klinsmann
100%
D West Germany 2-0 Jurgen Klinsmann
100%
C Brazil 1-0 Careca
80%
C Brazil 2-0 Careca
80%
E Belgium 2-0 Enzo Scifo
80%
F England 1-0 Gary Lineker
80%
D West Germany 1-0 Lothar Matthaus
80%
D West Germany 3-1 Lothar Matthaus
80%
D West Germany 3-1 Lothar Matthaus
80%
F England 1-0 Mark Wright
80%
A Italy 2-0 Roberto Baggio
80%
B Cameroon 1-0 Roger Milla
80%
B Cameroon 2-0 Roger Milla
80%
D West Germany 4-1 Rudi Voller
80%
D West Germany 1-0 Rudi Voller
80%
D West Germany 5-1 Rudi Voller
80%
F Netherlands 1-0 Ruud Gullit
80%
B Argentina 2-0 Jorge Burruchaga
60%
E Spain 1-0 Michel
60%
E Spain 2-1 Michel
60%
E Spain 3-1 Michel
60%
E Spain 1-0 Michel
60%
C Brazil 1-0 Muller
60%
C Brazil 1-0 Muller
60%
D Colombia 2-0 Carlos Valderrama
40%
B Cameroon 1-0 Francois Omam-Biyik
40%
D Colombia 1-1 Freddy Rincon
40%
C Scotland 2-0 John Johnston
40%
F Ireland 1-1 Kevin Sheedy
40%
E Belgium 1-0 Leo Clijsters
40%
E Belgium 1-0 Marc Degryse
40%
B Argentina 1-0 Pedro Troglio
40%
D West Germany 1-0 Pierre Littbarski
40%
D Yugoslavia 4-1 Robert Prosinecki
40%
A Italy 1-0 Salvatore Schillachi
40%
A Italy 1-0 Salvatore Schillachi
40%
C Sweden 2-1 Tomas Brolin
40%
A Czechoslovakia 1-0 Tomas Skuhravy
40%
A Czechoslovakia 4-1 Tomas Skuhravy
40%
A Austria 1-0 Andreas Ogris
20%
D Colombia 1-0 Bernardo Redin
20%
A USA 2-1 Bruce Murray
20%
D Yugoslavia 2-0 Darko Pancev
20%
D Yugoslavia 3-1 Darko Pancev
20%
D Yugoslavia 2-1 Davor Jozic
20%
D Yugoslavia 1-0 Davor Jozic
20%
B Romania 2-1 Gavril Balint
20%
B Romania 1-1 Gavril Balint
20%
A Austria 2-0 Gerhard Rodax
20%
A Italy 1-0 Giuseppe Giannini
20%
C Costa Rica 2-1 Hernan Medford
20%
A Czechoslovakia 3-0 Ivan Hasek
20%
E Belgium 3-0 Jan Ceulemans
20%
C Sweden 1-0 Johnny Ekstrom
20%
C Costa Rica 1-0 Juan Cayasso
20%
F Egypt 1-1 Magdi Abdelghani
20%
B Romania 1-0 Marius Lacatus
20%
B Romania 2-0 Marius Lacatus
20%
A Czechoslovakia 1-0 Michael Bilek
20%
A Czechoslovakia 2-0 Michal Bilek
20%
E Belgium 2-0 Michel de Wolf
20%
A Czechoslovakia 5-1 Milan Luhovy
20%
B Soviet Union 1-0 Oleh Protasov
20%
E Uruguay 3-1 Pablo Bengoechea
20%
A USA 3-1 Paul Caligiuri
20%
B Argentina 1-0 Pedro Monzon
20%
C Costa Rica 1-1 Roger Flores
20%
D Yugoslavia 1-0 Safet Susic
20%
D West Germany 4-1 Uwe Bein
20%
F Netherlands 1-0 Willem Kieft
20%
E Spain 2-1 Alberto Gorriz
0%
D UAE 2-1 Ali Thani
0%
B Soviet Union 2-0 Andrei Zygmantovich
0%
E Uruguay 1-0 Daniel Fonseca
0%
C Sweden 2-1 Glenn Stromberg
0%
E South Korea 1-1 Hwangbo Kwan
0%
B Soviet Union 4-0 Igor Dobrovolski
0%
D UAE 2-1 Khalid Ismail
0%
F Ireland 1-1 Niall Quinn
0%
B Soviet Union 3-0 Oleksandr Zavarov
0%
E Belgium 1-1 Patrick Vervoort
0%
C Scotland 1-0 Stuart McCall
0%
No matching quizzes found
Score Distribution
Percent of People with Each Score
Percentile by Number Answered
Your Score History
You have not taken this quiz